Determinanty vplyvu aktuálnych vývojových tendencií na maloobchod habilitačná prednáška

Gespeichert in:
Bibliographische Detailangaben
1. Verfasser: Francová, Zuzana, 1971-
Körperschaft: Ekonomická univerzita v Bratislave. Obchodná fakulta
Format: Buch
Sprache:Slowakisch
Veröffentlicht: Bratislava Vydavateľstvo EKONÓM 2022
Ausgabe:1. vydanie
Schlagworte:
Tags: Tag hinzufügen
Keine Tags, Fügen Sie das erste Tag hinzu!

MARC

LEADER 00000nam a2200000 4500
001 0287839
005 20240306141950.1
020 |a 978-80-225-4961-5 
041 0 |a slo 
044 |a SK 
245 1 0 |a Determinanty vplyvu aktuálnych vývojových tendencií na maloobchod  |b habilitačná prednáška  |c Zuzana Francová 
250 |a 1. vydanie 
264 1 |a Bratislava  |b Vydavateľstvo EKONÓM  |c 2022 
300 |a 91 s. 
610 2 0 |a obchod 
610 2 0 |a maloobchod 
610 2 0 |a obchod elektronický 
610 2 0 |a koronakríza 
100 1 |a Francová, Zuzana, 1971- 
710 2 |a Ekonomická univerzita v Bratislave. Obchodná fakulta